Pocahontas : (Record no. 9878)

MARC details
000 -LEADER
fixed length control field 00932nam a22002777a 4500
001 - CONTROL NUMBER
control field 9878
003 - CONTROL NUMBER IDENTIFIER
control field FISKH
005 - DATE AND TIME OF LATEST TRANSACTION
control field 20260311104238.0
008 - FIXED-LENGTH DATA ELEMENTS--GENERAL INFORMATION
fixed length control field 260311b cb ||||| |||| 00| 0 eng d
020 ## - INTERNATIONAL STANDARD BOOK NUMBER
International Standard Book Number 9780545607421
040 ## - CATALOGING SOURCE
Original cataloging agency FISKH
Language of cataloging eng
Transcribing agency FISKH
Modifying agency FISKH
050 ## - LIBRARY OF CONGRESS CALL NUMBER
Classification number E99 .P85 .P63
082 ## - DEWEY DECIMAL CLASSIFICATION NUMBER
Classification number 975.5
100 ## - MAIN ENTRY--PERSONAL NAME
Personal name Krull , Kathleen
245 ## - TITLE STATEMENT
Title Pocahontas :
Remainder of title Princess of the new world /
Statement of responsibility, etc. By Kathleen Krull : Pictures by David Diaz
260 ## - PUBLICATION, DISTRIBUTION, ETC.
Place of publication, distribution, etc. New York :
Name of publisher, distributor, etc. Scholastic ,
Date of publication, distribution, etc. 2007.
300 ## - PHYSICAL DESCRIPTION
Extent 38 unnumbered pages :
Other physical details color illustrations ;
Dimensions 27 cm .
505 ## - FORMATTED CONTENTS NOTE
Formatted contents note R <br/>
520 ## - SUMMARY, ETC.
Summary, etc. An illustrated introduction to the life of the Indian princess Pocahontas and her contact with English settlers, especially John Smith.
521 8# - TARGET AUDIENCE NOTE
Target audience note 780 <br/>
Source Lexile <br/>
521 8# - TARGET AUDIENCE NOTE
Target audience note R <br/>
Source Raz-Plus <br/>
650 ## - SUBJECT ADDED ENTRY--TOPICAL TERM
Topical term or geographic name entry element Native American
Form subdivision Picture Book
700 ## - ADDED ENTRY--PERSONAL NAME
Personal name Diaz , David
Relator term Illustrator
942 ## - ADDED ENTRY ELEMENTS (KOHA)
Source of classification or shelving scheme Dewey Decimal Classification
Koha item type Books
Suppress in OPAC No
Holdings
Withdrawn status Lost status Source of classification or shelving scheme Damaged status Not for loan Collection Home library Current library Shelving location Date acquired Total Checkouts Full call number Barcode Date last seen Price effective from Koha item type
    Dewey Decimal Classification     Juvenile Fiction Footprints International School Library Network Toul Tom Poung Campus Footprints International School Library Network Toul Tom Poung Campus TTP Primary Orange Bookshelves 03/11/2026   KRU 975.5 E99 .P85 .P63 FIS02510 03/11/2026 03/11/2026 Books